[Event "GRE-chT 50th"]
[Site "Nikaia"]
[Date "2023.08.29"]
[Round "6.4"]
[White "Xylogiannopoulos, Antonios"]
[Black "Panagiotakos, Nikolaos"]
[Result "1-0"]
[WhiteElo "2255"]
[BlackElo "2124"]
[PlyCount "41"]
[EventDate "2023.08.25"]
[EventType "team"]
[EventRounds "9"]
[EventCountry "GRE"]
[SourceTitle "EXT 2024"]
[Source "ChessBase"]
[SourceDate "2023.10.10"]
[SourceVersion "1"]
[SourceVersionDate "2023.10.10"]
[SourceQuality "1"]
[WhiteTeam "Kallithea"]
[BlackTeam "OPHI"]
[WhiteTeamCountry "GRE"]
[BlackTeamCountry "GRE"]

1. d4 d5 2. Nf3 e6 3. e3 Nf6 4. Bd3 Bd6 5. 0-0 0-0 6. Nbd2 c5 7. b3 cxd4 8. exd4 b6 9. Qe2 a5 10. Bb2 Ba6 11. c4 Nc6 12. Rac1 Rc8 13. Ne5 Ne7 14. f4 dxc4 15. bxc4 Bb7 16. Ndf3 Nf5 17. Ng5 Bxe5 18. fxe5 Nxd4 19. Qd1 h6 20. exf6 hxg5 21. Qh5 1-0

[Event "GRE-chT 50th"]
[Site "Nikaia"]
[Date "2023.08.27"]
[Round "4.4"]
[White "Panagiotakos, Nikolaos"]
[Black "Loukopoulos, Panagiotis Athanasi"]
[Result "1/2-1/2"]
[WhiteElo "2124"]
[BlackElo "2067"]
[PlyCount "68"]
[EventDate "2023.08.25"]
[EventType "team"]
[EventRounds "9"]
[EventCountry "GRE"]
[SourceTitle "EXT 2024"]
[Source "ChessBase"]
[SourceDate "2023.10.10"]
[SourceVersion "1"]
[SourceVersionDate "2023.10.10"]
[SourceQuality "1"]
[WhiteTeam "OPHI"]
[BlackTeam "Evoiki ES"]
[WhiteTeamCountry "GRE"]
[BlackTeamCountry "GRE"]

1. e4 e6 2. d4 d5 3. Nc3 Nf6 4. Bg5 Bb4 5. e5 h6 6. Bd2 Bxc3 7. Bxc3 Ne4 8. Bb4 c5 9. Bxc5 Nxc5 10. dxc5 Nd7 11. Qd4 Qc7 12. Nf3 Qxc5 13. Qxc5 Nxc5 14. c3 Bd7 15. Be2 Ke7 16. 0-0 b5 17. Nd4 a5 18. a3 Rab8 19. Rac1 Rhc8 20. f4 b4 21. axb4 axb4 22. c4 dxc4 23. Bxc4 Na4 24. b3 Nb6 25. Bd3 Rxc1 26. Rxc1 g5 27. f5 exf5 28. Bxf5 Ra8 29. Rc7 Ra1+ 30. Kf2 Kd8 31. Rb7 Rd1 32. Ke3 Nd5+ 33. Ke2 Nc3+ 34. Ke3 Nd5+ 1/2-1/2

[Event "EU-ch Cities&Town op"]
[Site "Tornelo INT"]
[Date "2023.01.29"]
[Round "?"]
[White "Nelis, Jean Francois"]
[Black "Panagiotakos, Nikolaos"]
[Result "0-1"]
[WhiteElo "2112"]
[BlackElo "2122"]
[PlyCount "58"]
[EventDate "2023.01.29"]
[EventType "team-swiss"]
[EventRounds "9"]
[EventCountry "NET"]
[SourceTitle "CBM 212 Extra"]
[Source "ChessBase"]
[SourceDate "2023.03.31"]
[SourceVersion "1"]
[SourceVersionDate "2023.03.31"]
[SourceQuality "1"]
[WhiteTeam "Monte Carlo"]
[BlackTeam "Heraklion"]
[WhiteTeamCountry "MNC"]
[BlackTeamCountry "GRE"]

1. b3 e5 2. Bb2 Nc6 3. c4 Nge7 4. e3 g6 5. d4 exd4 6. Nf3 Bg7 7. Nxd4 0-0 8. Be2 d5 9. Nxc6 Nxc6 10. Bxg7 Kxg7 11. cxd5 Qf6 12. Nd2 Nb4 13. 0-0 Nxd5 14. Ne4 Qe5 15. Bf3 Be6 16. Qd4 Qxd4 17. exd4 Rad8 18. Rac1 c6 19. Nc5 Bc8 20. Rfe1 Nf4 21. Re7 Rfe8 22. Rce1 Rxe7 23. Rxe7 b6 24. Na4 Bd7 25. Nc3 Ne6 26. d5 cxd5 27. Nxd5 Kf8 28. h4 Bc6 29. Rxa7 Bxd5 0-1

[Event "EU-ch Cities&Town op"]
[Site "Tornelo INT"]
[Date "2023.01.29"]
[Round "?"]
[White "Panagiotakos, Nikolaos"]
[Black "Halkias, Stelios"]
[Result "0-1"]
[WhiteElo "2122"]
[BlackElo "2516"]
[PlyCount "78"]
[EventDate "2023.01.29"]
[EventType "team-swiss"]
[EventRounds "9"]
[EventCountry "NET"]
[SourceTitle "CBM 212 Extra"]
[Source "ChessBase"]
[SourceDate "2023.03.31"]
[SourceVersion "1"]
[SourceVersionDate "2023.03.31"]
[SourceQuality "1"]
[WhiteTeam "Heraklion"]
[BlackTeam "Athens Kallithea"]
[WhiteTeamCountry "GRE"]
[BlackTeamCountry "GRE"]

1. e4 c5 2. Nf3 Nc6 3. Nc3 d6 4. d4 cxd4 5. Nxd4 e5 6. Nf3 h6 7. Be2 Nf6 8. 0-0 Be7 9. Re1 Be6 10. Bf1 0-0 11. h3 Rc8 12. Nd5 Nb8 13. c4 Nbd7 14. Nd2 a5 15. b3 Nc5 16. Bb2 Nxd5 17. exd5 Bf5 18. a3 Qb6 19. Bc3 Bh4 20. Qf3 Bg6 21. b4 Na4 22. c5 Qd8 23. Nc4 e4 24. Qe3 Bg5 25. Qg3 Nxc3 26. Qxc3 Bf6 27. Qe3 Bxa1 28. Rxa1 dxc5 29. bxc5 Qxd5 30. Nb6 Qe5 31. Nxc8 Qxa1 32. Ne7+ Kh7 33. Nxg6 fxg6 34. Qxe4 Qxa3 35. Qxb7 Qxc5 36. Qb2 a4 37. Kh2 Rxf2 38. Qb1 Qe5+ 39. Kg1 Qd4 0-1

[Event "EU-ch Cities&Town op"]
[Site "Tornelo INT"]
[Date "2023.01.29"]
[Round "?"]
[White "Panagiotakos, Nikolaos"]
[Black "Sorm, Daniel"]
[Result "0-1"]
[WhiteElo "2122"]
[BlackElo "2302"]
[PlyCount "64"]
[EventDate "2023.01.29"]
[EventType "team-swiss"]
[EventRounds "9"]
[EventCountry "NET"]
[SourceTitle "CBM 212 Extra"]
[Source "ChessBase"]
[SourceDate "2023.03.31"]
[SourceVersion "1"]
[SourceVersionDate "2023.03.31"]
[SourceQuality "1"]
[WhiteTeam "Heraklion"]
[BlackTeam "Praha Seniors"]
[WhiteTeamCountry "GRE"]
[BlackTeamCountry "CZE"]

1. e4 c5 2. Nf3 d6 3. d4 cxd4 4. Nxd4 Nf6 5. Nc3 Nc6 6. Be2 e5 7. Nf3 Be7 8. Bg5 0-0 9. Bxf6 Bxf6 10. Nd5 Bg5 11. 0-0 Bh6 12. c3 Kh8 13. Nd2 f5 14. exf5 Bxf5 15. Nc4 Be6 16. Bf3 Qd7 17. Qe2 Rad8 18. Rad1 Qf7 19. Rfe1 Ne7 20. Nce3 Ng6 21. Bh5 Bxe3 22. Nxe3 Bxa2 23. c4 Bb3 24. Ra1 b5 25. cxb5 d5 26. Bxg6 Qxg6 27. Ra3 d4 28. Rxb3 dxe3 29. Rxe3 Rde8 30. Rxe5 Rxe5 31. Qxe5 Qb6 32. Qe7 Qxf2+ 0-1

[Event "GRE-chT Online Rapid op 1st"]
[Site "Tornelo INT"]
[Date "2021.02.21"]
[Round "8.8"]
[White "Kalyva, Kyriaki"]
[Black "Panagiotakos, Nikolaos"]
[Result "1-0"]
[WhiteElo "1823"]
[BlackElo "2071"]
[PlyCount "165"]
[EventDate "2021.02.20"]
[EventType "team-swiss (rapid)"]
[EventRounds "9"]
[EventCountry "GRE"]
[SourceTitle "EXT 2023"]
[Source "ChessBase"]
[SourceDate "2022.10.05"]
[SourceVersion "1"]
[SourceVersionDate "2022.10.05"]
[SourceQuality "1"]

1. d4 Nf6 2. c4 e6 3. Nc3 Bb4 4. a3 Bxc3+ 5. bxc3 c5 6. f3 Nc6 7. e4 e5 8. dxe5 Nxe5 9. Bg5 d6 10. f4 Ng6 11. f5 Ne5 12. Bd3 Qe7 13. Bc2 Nxc4 14. Ne2 h6 15. Bh4 Ne3 16. Bxf6 Qxf6 17. Qd2 Nxc2+ 18. Qxc2 0-0 19. 0-0 Re8 20. Nf4 Re5 21. Rae1 Bd7 22. Nd5 Qh4 23. g3 Qg4 24. f6 g6 25. Rf4 Qg5 26. Ne7+ Rxe7 27. fxe7 Qxe7 28. Ref1 Be6 29. Qd3 Re8 30. Qe3 Kg7 31. e5 d5 32. Rd1 Rd8 33. Rf2 Bf5 34. Rfd2 Be4 35. c4 Qxe5 36. cxd5 Qf5 37. Rf1 Qe5 38. d6 f5 39. d7 Qe7 40. Rfd1 Kf7 41. Qb3+ Qe6 42. Qxe6+ Kxe6 43. Rd6+ Kf7 44. Kf2 c4 45. Ke3 Bd3 46. Kf4 Ke7 47. Rxg6 Kxd7 48. Rxh6 Re8 49. Rh7+ Kc6 50. Rc1 Re4+ 51. Kg5 Rg4+ 52. Kh5 Rg8 53. Kh6 a6 54. Rg7 Rh8+ 55. Rh7 Rg8 56. Rg7 Re8 57. Kg5 Re2 58. h4 Rg2 59. Kf6 b5 60. h5 Rh2 61. Kg5 Kd5 62. h6 Kd4 63. Rd7+ Ke3 64. h7 Kd2 65. Rg1 c3 66. Rc7 c2 67. Kf6 Rxh7 68. Rxh7 c1Q 69. Rxc1 Kxc1 70. Rd7 Kc2 71. Ke5 Be4 72. g4 Kb3 73. gxf5 Bxf5 74. Kxf5 a5 75. Ke4 Kxa3 76. Kd3 b4 77. Kc2 Ka2 78. Rb7 Ka3 79. Kb1 a4 80. Rb5 Kb3 81. Rh5 Ka3 82. Rh3+ b3 83. Rh4 1-0

[Event "GRE-chT Online Rapid op 1st"]
[Site "Tornelo INT"]
[Date "2021.02.21"]
[Round "7.7"]
[White "Panagiotakos, Nikolaos"]
[Black "Apostolakakis, Konstantinos"]
[Result "0-1"]
[WhiteElo "2071"]
[BlackElo "2074"]
[PlyCount "112"]
[EventDate "2021.02.20"]
[EventType "team-swiss (rapid)"]
[EventRounds "9"]
[EventCountry "GRE"]
[SourceTitle "EXT 2023"]
[Source "ChessBase"]
[SourceDate "2022.10.05"]
[SourceVersion "1"]
[SourceVersionDate "2022.10.05"]
[SourceQuality "1"]

1. e4 c5 2. Nf3 d6 3. d4 cxd4 4. Nxd4 Nf6 5. Nc3 a6 6. Be2 e5 7. Nb3 Be7 8. Be3 Be6 9. 0-0 0-0 10. Qd3 b5 11. a3 Nbd7 12. Nd5 Bxd5 13. exd5 Nb6 14. Bf3 Nc4 15. Bc1 Qc7 16. Nd2 Rac8 17. c3 Nd7 18. Bg4 g6 19. Bxd7 Qxd7 20. Ne4 f5 21. Ng5 Bxg5 22. Bxg5 Nxb2 23. Qh3 Na4 24. Rfc1 Rc4 25. Rab1 Rfc8 26. Bd2 Nb6 27. Rd1 Nxd5 28. Rb3 Qe6 29. Qd3 Nf6 30. f3 d5 31. Bg5 d4 32. cxd4 Rxd4 33. Qb1 Rcd8 34. Rbd3 Rxd3 35. Rxd3 Rxd3 36. Qxd3 Nd5 37. Qb3 Kg7 38. a4 Qb6+ 39. Kf1 Qc5 40. Qb2 Qc4+ 41. Ke1 Nc3 42. axb5 axb5 43. Qd2 Nd5 44. Qb2 Qb4+ 45. Qxb4 Nxb4 46. Kd2 Kf7 47. Bd8 Ke6 48. Bc7 Kd5 49. Kc3 Nc6 50. Kd3 b4 51. Bb6 e4+ 52. fxe4+ fxe4+ 53. Kc2 Kc4 54. Be3 b3+ 55. Kb2 Nd4 56. Bf4 Kd3 0-1

[Event "Chania op"]
[Site "Chania"]
[Date "2019.08.25"]
[Round "1"]
[White "Panagiotakos, Nikolaos"]
[Black "Peralta, Fernando"]
[Result "0-1"]
[WhiteElo "2095"]
[BlackElo "2572"]
[PlyCount "48"]
[EventDate "2019.08.25"]
[EventType "swiss"]
[EventRounds "9"]
[EventCountry "GRE"]
[SourceTitle "EXT 2020"]
[Source "ChessBase"]
[SourceDate "2019.10.17"]
[SourceVersion "1"]
[SourceVersionDate "2019.10.17"]
[SourceQuality "1"]

1. e4 e6 2. d4 d5 3. Nc3 Nf6 4. Bg5 dxe4 5. Nxe4 Nbd7 6. Nf3 h6 7. Bh4 Be7 8. Bd3 Nxe4 9. Bxe7 Nxf2 10. Bxd8 Nxd1 11. Bxc7 Nxb2 12. Bb5 a6 13. Rb1 axb5 14. Rxb2 Nf6 15. Ne5 Nd5 16. Bd6 f6 17. Ng6 Rg8 18. Nf4 Ne3 19. Bc5 g5 20. Nh5 Kf7 21. a3 Kg6 22. Ng3 b6 23. Bb4 Nc4 24. Rb3 Rb8 0-1

[Event "Heraklion op 24th"]
[Site "Heraklion"]
[Date "2018.09.09"]
[Round "8"]
[White "Panagiotakos, Nikolaos"]
[Black "Mitali, Madhukar Patil"]
[Result "1-0"]
[WhiteElo "2102"]
[BlackElo "2007"]
[PlyCount "99"]
[EventDate "2018.09.03"]
[EventType "swiss"]
[EventRounds "9"]
[EventCountry "GRE"]
[SourceTitle "CBM 186 Extra"]
[Source "ChessBase"]
[SourceDate "2018.08.24"]
[SourceVersion "1"]
[SourceVersionDate "2018.08.24"]
[SourceQuality "1"]

1. e4 e5 2. Nf3 Nc6 3. Bb5 a6 4. Bxc6 dxc6 5. Nc3 f6 6. d4 exd4 7. Nxd4 c5 8. Nde2 Qxd1+ 9. Nxd1 Be6 10. Bf4 0-0-0 11. Ne3 c4 12. Rd1 Rxd1+ 13. Nxd1 Bc5 14. Be3 Bxe3 15. Nxe3 Ne7 16. Nd4 Bf7 17. Ke2 Rd8 18. Rd1 Rd6 19. Ndf5 Nxf5 20. Nxf5 Rxd1 21. Kxd1 g6 22. Ne3 Kd7 23. Kd2 b5 24. c3 c5 25. f4 h5 26. h4 Kd6 27. g4 a5 28. g5 fxg5 29. hxg5 Bg8 30. Ng2 Ke6 31. Nh4 Bh7 32. Ke3 b4 33. Kf3 a4 34. a3 Kd6 35. Kg3 Ke6 36. Nf3 Kd6 37. Ne5 bxc3 38. bxc3 Ke6 39. Kh4 Kd6 40. Nf7+ Ke7 41. Nh6 Ke6 42. f5+ Ke5 43. f6 Ke6 44. f7 Ke7 45. e5 Kf8 46. e6 Ke7 47. Ng8+ Kf8 48. Nf6 Kg7 49. Nxh7 Kxh7 50. e7 1-0

[Event "Heraklion op 21st"]
[Site "Heraklion"]
[Date "2017.09.10"]
[Round "9"]
[White "Panagiotakos, Nikolaos"]
[Black "Kasparova, Tatiana"]
[Result "0-1"]
[WhiteElo "2133"]
[BlackElo "2134"]
[PlyCount "86"]
[EventDate "2017.09.03"]
[EventType "swiss"]
[EventRounds "9"]
[EventCountry "GRE"]
[SourceTitle "CBM 180 Extra"]
[Source "ChessBase"]
[SourceDate "2017.10.06"]
[SourceVersion "1"]
[SourceVersionDate "2017.10.06"]
[SourceQuality "1"]

1. e4 d6 2. d4 Nf6 3. Nc3 e5 4. dxe5 dxe5 5. Qxd8+ Kxd8 6. Bc4 Be6 7. Bxe6 fxe6 8. f3 Bd6 9. Nh3 Nbd7 10. Nf2 Ke7 11. Be3 Bc5 12. Ncd1 a6 13. Nd3 Bxe3 14. Nxe3 b5 15. Ke2 c5 16. c4 Rhb8 17. a3 Rc8 18. Rhc1 h5 19. b4 Rab8 20. cxb5 Rxb5 21. a4 Rbb8 22. bxc5 Rb3 23. Ra2 Nb8 24. Nxe5 Nc6 25. Nxc6+ Rxc6 26. Rac2 Rb4 27. Rc4 Rxc4 28. Rxc4 Nd7 29. Kd2 Rxc5 30. Kc3 Kd6 31. Kb4 a5+ 32. Kb3 Nb6 33. Rd4+ Ke7 34. Nc4 e5 35. Nxb6 exd4 36. Nd5+ Kd6 37. Nf4 g5 38. e5+ Ke7 39. Nxh5 d3 40. Ng3 d2 41. Nf5+ Ke6 42. Ne3 Rc1 43. g3 Re1 0-1

[Event "Heraklion op 21st"]
[Site "Heraklion"]
[Date "2017.09.05"]
[Round "4"]
[White "Kealar, Konstantinos"]
[Black "Panagiotakos, Nikolaos"]
[Result "0-1"]
[WhiteElo "1310"]
[BlackElo "2133"]
[PlyCount "50"]
[EventDate "2017.09.03"]
[EventType "swiss"]
[EventRounds "9"]
[EventCountry "GRE"]
[SourceTitle "CBM 180 Extra"]
[Source "ChessBase"]
[SourceDate "2017.10.06"]
[SourceVersion "1"]
[SourceVersionDate "2017.10.06"]
[SourceQuality "1"]

1. d4 Nf6 2. Bg5 e6 3. c4 h6 4. Bf4 d5 5. e3 Bd6 6. Bg3 Qe7 7. Nf3 Bxg3 8. hxg3 Nbd7 9. Qc2 c6 10. Nc3 0-0 11. cxd5 exd5 12. Nh4 Re8 13. Nf5 Qe6 14. Be2 Ne4 15. Bg4 Qg6 16. Rh4 Ndf6 17. Nxh6+ gxh6 18. Bxc8 Raxc8 19. 0-0-0 Nxc3 20. Qxc3 c5 21. Qb3 cxd4+ 22. Kd2 dxe3+ 23. fxe3 Ne4+ 24. Ke2 Qxg3 25. Rxh6 Qf2+ 0-1

[Event "Heraklion op 21st"]
[Site "Heraklion"]
[Date "2017.09.04"]
[Round "3"]
[White "Panagiotakos, Nikolaos"]
[Black "Ahlander, Bjorn"]
[Result "0-1"]
[WhiteElo "2133"]
[BlackElo "2433"]
[PlyCount "76"]
[EventDate "2017.09.03"]
[EventType "swiss"]
[EventRounds "9"]
[EventCountry "GRE"]
[SourceTitle "CBM 180 Extra"]
[Source "ChessBase"]
[SourceDate "2017.10.06"]
[SourceVersion "1"]
[SourceVersionDate "2017.10.06"]
[SourceQuality "1"]

1. e4 c5 2. Nf3 d6 3. d4 cxd4 4. Nxd4 Nf6 5. Nc3 a6 6. Be2 e5 7. Nb3 Be7 8. Be3 Be6 9. 0-0 0-0 10. Nd5 Nbd7 11. Qd3 Bxd5 12. exd5 Nc5 13. Nxc5 dxc5 14. Bf3 Bd6 15. Bg5 h6 16. Bh4 g5 17. Bg3 Qd7 18. Rae1 Rae8 19. c4 Kg7 20. Qc3 Qf5 21. Bd1 Ne4 22. Qe3 Nf6 23. Qc3 Re7 24. Bc2 Qg4 25. Re3 Rfe8 26. Rd1 b5 27. b3 b4 28. Qb2 Qd7 29. Rde1 Ng4 30. Rf3 h5 31. h4 Kg8 32. Rf5 f6 33. f3 e4 34. Bxd6 exf3 35. Bxe7 Rxe7 36. Qc1 f2+ 37. Rxf2 Qd6 38. Rf4 Qxf4 0-1

[Event "GRE-chT 45th"]
[Site "Achaia"]
[Date "2017.07.08"]
[Round "7.8"]
[White "Tassopoulos, Marios"]
[Black "Panagiotakos, Nikolaos"]
[Result "0-1"]
[WhiteElo "2175"]
[BlackElo "2115"]
[PlyCount "140"]
[EventDate "2017.07.03"]
[EventType "team-swiss"]
[EventRounds "7"]
[EventCountry "GRE"]
[SourceTitle "CBM 179 Extra"]
[Source "ChessBase"]
[SourceDate "2017.08.23"]
[SourceVersion "1"]
[SourceVersionDate "2017.08.23"]
[SourceQuality "1"]
[WhiteTeam "Pine AO"]
[BlackTeam "OFI"]
[WhiteTeamCountry "GRE"]
[BlackTeamCountry "GRE"]

1. Nf3 d5 2. d4 Nf6 3. c4 e6 4. cxd5 exd5 5. Nc3 Be7 6. Bg5 0-0 7. e3 c6 8. Qc2 Ne4 9. Bxe7 Qxe7 10. Nxe4 dxe4 11. Nd2 Re8 12. Bc4 Nd7 13. 0-0 Nf6 14. Rae1 Be6 15. f3 Bxc4 16. Qxc4 exf3 17. Rxf3 Rad8 18. Ref1 c5 19. Nb3 cxd4 20. exd4 b6 21. h3 Rd7 22. Rd1 Nd5 23. Rc1 Qg5 24. Qf1 a5 25. Re1 Rxe1 26. Qxe1 Re7 27. Qc1 Qxc1+ 28. Nxc1 Re4 29. Nb3 a4 30. Nc1 Rxd4 31. Ne2 Rd2 32. Nc3 Nxc3 33. Rxc3 Kf8 34. Rc4 b5 35. Rb4 Rd5 36. a3 Ke7 37. b3 axb3 38. Rxb3 Kd6 39. Rc3 Rd4 40. Kf2 h5 41. Ke3 Ra4 42. Kd2 h4 43. Kc2 g5 44. Kb3 Rf4 45. g3 hxg3 46. Rxg3 f6 47. Kc3 Ke5 48. Rd3 Rc4+ 49. Kb3 Rd4 50. Rc3 Rd5 51. Rg3 Kf4 52. Rg4+ Kf5 53. Rb4 Kg6 54. h4 gxh4 55. Rxh4 f5 56. a4 bxa4+ 57. Rxa4 Kg5 58. Kc4 Rd8 59. Ra1 f4 60. Rg1+ Kh4 61. Rf1 Kg3 62. Rg1+ Kf2 63. Rg7 f3 64. Kc3 Kf1 65. Kc2 f2 66. Rg6 Rd5 67. Rg8 Ke2 68. Re8+ Kf3 69. Rf8+ Ke3 70. Rf7 Rd4 0-1

[Event "Prague Summer op-A 3rd"]
[Site "Prague"]
[Date "2016.08.07"]
[Round "4"]
[White "Chudinovskih, Alexander N"]
[Black "Panagiotakos, Nikolaos"]
[Result "1/2-1/2"]
[WhiteElo "2258"]
[BlackElo "2124"]
[PlyCount "68"]
[EventDate "2016.08.05"]
[EventType "swiss"]
[EventRounds "9"]
[EventCountry "CZE"]
[SourceTitle "CBM 173 Extra"]
[Source "ChessBase"]
[SourceDate "2016.08.29"]
[SourceVersion "1"]
[SourceVersionDate "2016.08.29"]
[SourceQuality "1"]

1. Nf3 Nf6 2. c4 e6 3. g3 b6 4. Bg2 Bb7 5. 0-0 Be7 6. d4 0-0 7. Nc3 Ne4 8. Bd2 f5 9. Rc1 d6 10. Be3 Nd7 11. Nxe4 Bxe4 12. b4 c5 13. dxc5 dxc5 14. Qa4 Qc7 15. Rfd1 Rad8 16. Ng5 Bxg2 17. Kxg2 Bxg5 18. Bxg5 Nf6 19. bxc5 bxc5 20. Qa6 Qe5 21. Bxf6 Qe4+ 22. Kg1 Rxd1+ 23. Rxd1 Qxe2 24. Rd7 Qe1+ 25. Kg2 Qe4+ 26. f3 Qe2+ 27. Kh3 Rxf6 28. Qc8+ Rf8 29. Rd8 Qf1+ 30. Kh4 Qxc4+ 31. f4 Rxd8 32. Qxd8+ Kf7 33. Qd7+ Kf6 34. Qd8+ Kf7 1/2-1/2

[Event "Prague Summer op-A 3rd"]
[Site "Prague"]
[Date "2016.08.07"]
[Round "3"]
[White "Panagiotakos, Nikolaos"]
[Black "Hoefelsauer, Thomas"]
[Result "0-1"]
[WhiteElo "2124"]
[BlackElo "2342"]
[PlyCount "116"]
[EventDate "2016.08.05"]
[EventType "swiss"]
[EventRounds "9"]
[EventCountry "CZE"]
[SourceTitle "CBM 173 Extra"]
[Source "ChessBase"]
[SourceDate "2016.08.29"]
[SourceVersion "1"]
[SourceVersionDate "2016.08.29"]
[SourceQuality "1"]

1. e4 c6 2. d4 d5 3. Nc3 dxe4 4. Nxe4 Bf5 5. Ng3 Bg6 6. Nf3 Nd7 7. Bd3 e6 8. 0-0 Ngf6 9. c4 Bd6 10. b3 0-0 11. Bb2 Qc7 12. Bxg6 hxg6 13. Re1 a5 14. a3 b5 15. Ne5 bxc4 16. Nxc4 Be7 17. Rc1 Rfb8 18. Qf3 Nd5 19. Ne4 Qf4 20. Qd3 Qf5 21. Ne3 Nxe3 22. Rxe3 Qd5 23. Qc2 Rb6 24. Rc3 Rab8 25. Nd2 Bg5 26. Nc4 R6b7 27. Re1 Bf6 28. Rd3 Bg5 29. Bc1 Bxc1 30. Rxc1 Rc7 31. Qc3 Rb5 32. Re1 Rcb7 33. Qc2 Kf8 34. Ne5 Nxe5 35. dxe5 Qc5 36. Rc3 Qa7 37. Rxc6 Rd5 38. Rc8+ Ke7 39. Qc6 Rbd7 40. Qa8 Rxe5 41. Re8+ Kf6 42. Qf3+ Rf5 43. Qe2 Qd4 44. g4 Rf4 45. h3 Rd5 46. Kg2 Qd2 47. Qe3 Qxe3 48. Rxe3 Rd2 49. Rf3 Rxf3 50. Kxf3 Rd3+ 51. Ke4 Rxb3 52. h4 g5 53. hxg5+ Kxg5 54. Rf8 Kg6 55. Ra8 Rxa3 56. f4 Ra4+ 57. Ke5 f6+ 58. Kxe6 Rxf4 0-1

[Event "Prague Summer op-A 3rd"]
[Site "Prague"]
[Date "2016.08.06"]
[Round "2"]
[White "Panagiotakos, Nikolaos"]
[Black "Serrano Salvador, Eduardo"]
[Result "1-0"]
[WhiteElo "2124"]
[BlackElo "2325"]
[PlyCount "76"]
[EventDate "2016.08.05"]
[EventType "swiss"]
[EventRounds "9"]
[EventCountry "CZE"]
[SourceTitle "CBM 173 Extra"]
[Source "ChessBase"]
[SourceDate "2016.08.29"]
[SourceVersion "1"]
[SourceVersionDate "2016.08.29"]
[SourceQuality "1"]

1. e4 d6 2. d4 Nf6 3. Nc3 e5 4. dxe5 dxe5 5. Qxd8+ Kxd8 6. Bc4 Ke8 7. Nf3 Bd6 8. Bg5 Nbd7 9. 0-0-0 h6 10. Bh4 g5 11. Bg3 Nh5 12. Nb5 Ke7 13. Bb3 f6 14. Nd2 Nb6 15. Nf1 Rd8 16. Ne3 Nf4 17. f3 c6 18. Nxd6 Rxd6 19. Bf2 Rxd1+ 20. Kxd1 Be6 21. Bxe6 Kxe6 22. h4 Rd8+ 23. Ke1 Na4 24. g3 Nxb2 25. gxf4 exf4 26. Nf1 Rd1+ 27. Ke2 Rc1 28. Kd2 Rd1+ 29. Kc3 Na4+ 30. Kb4 b5 31. hxg5 hxg5 32. Ng3 Rd2 33. Nf5 Kf7 34. Bd4 Rxc2 35. Rh7+ Kg8 36. Rg7+ Kf8 37. Bxf6 Nb6 38. Rxa7 g4 1-0

[Event "Anogia op 5th"]
[Site "Anogia"]
[Date "2016.07.19"]
[Round "9"]
[White "Panagiotakos, Nikolaos"]
[Black "Banikas, Hristos"]
[Result "0-1"]
[WhiteElo "2111"]
[BlackElo "2600"]
[PlyCount "52"]
[EventDate "2016.07.12"]
[EventType "swiss"]
[EventRounds "9"]
[EventCountry "GRE"]
[SourceTitle "CBM 173 Extra"]
[Source "ChessBase"]
[SourceDate "2016.08.29"]
[SourceVersion "1"]
[SourceVersionDate "2016.08.29"]
[SourceQuality "1"]

1. e4 c5 2. c3 Nf6 3. e5 Nd5 4. d4 cxd4 5. Nf3 d6 6. Qxd4 e6 7. Nbd2 a6 8. Nc4 Nc6 9. Qg4 dxe5 10. Ncxe5 Nxe5 11. Nxe5 b5 12. Bd2 Bb7 13. Bd3 Nf6 14. Qe2 Bd6 15. Nf3 0-0 16. 0-0 Qc7 17. h3 h6 18. a4 e5 19. Bc2 Bd5 20. b3 Rab8 21. Rfe1 Rfe8 22. axb5 axb5 23. Nh4 Bc5 24. Nf5 Qc6 25. Be3 Bxg2 26. Bxc5 Bxh3 0-1

[Event "Anogia op 5th"]
[Site "Anogia"]
[Date "2016.07.16"]
[Round "6"]
[White "Papadopoulos, Argirios"]
[Black "Panagiotakos, Nikolaos"]
[Result "1-0"]
[WhiteElo "2244"]
[BlackElo "2111"]
[PlyCount "157"]
[EventDate "2016.07.12"]
[EventType "swiss"]
[EventRounds "9"]
[EventCountry "GRE"]
[SourceTitle "CBM 173 Extra"]
[Source "ChessBase"]
[SourceDate "2016.08.29"]
[SourceVersion "1"]
[SourceVersionDate "2016.08.29"]
[SourceQuality "1"]

1. e4 e5 2. Nf3 Nc6 3. Bb5 a6 4. Ba4 Nf6 5. 0-0 Be7 6. Re1 b5 7. Bb3 d6 8. c3 0-0 9. h3 Na5 10. Bc2 c5 11. d4 Qc7 12. Nbd2 cxd4 13. cxd4 Bb7 14. d5 Rac8 15. Bd3 Nd7 16. Nf1 f5 17. Bg5 Qd8 18. Qd2 fxe4 19. Bxe7 Qxe7 20. Bxe4 Nc4 21. Qg5 Qxg5 22. Nxg5 Nf6 23. Bf5 Bxd5 24. Bxc8 Rxc8 25. b3 Nb6 26. Ne3 Bb7 27. Nf5 Rd8 28. Rad1 Nbd5 29. Ne3 h6 30. Ne4 Nxe3 31. Nxf6+ gxf6 32. fxe3 Be4 33. Rc1 Kf7 34. Rc7+ Ke6 35. Kf2 Rg8 36. g3 Rg5 37. Ra7 Rf5+ 38. Ke2 Bg2 39. h4 Bh3 40. Rxa6 Bg4+ 41. Kd3 Rf3 42. Rb6 Rxg3 43. a4 bxa4 44. bxa4 Rg2 45. Ra1 Bf5+ 46. Kc3 Re2 47. a5 Rxe3+ 48. Kd2 Rd3+ 49. Ke2 Rh3 50. a6 Be4 51. a7 Rh2+ 52. Ke3 f5 53. a8Q Rh3+ 54. Kd2 Rh2+ 55. Ke3 Rh3+ 56. Kf2 Bxa8 57. Rxa8 Rxh4 58. Rg8 Rd4 59. Rg6+ Kd7 60. Rxh6 Kc7 61. Ra6 Kd7 62. Ra3 Kc6 63. Ke2 Kd5 64. Rd3 Rxd3 65. Kxd3 e4+ 66. Ke2 f4 67. Rh5+ Kd4 68. Rf5 f3+ 69. Kf2 d5 70. Rh5 Kc4 71. Ke3 Kc5 72. Rh8 Kd6 73. Re8 Kc5 74. Rd8 Kc4 75. Rc8+ Kb4 76. Rc7 Kb5 77. Kd4 Kb6 78. Rf7 Kc6 79. Rf6+ 1-0

[Event "Anogia op 5th"]
[Site "Anogia"]
[Date "2016.07.14"]
[Round "4"]
[White "Tzouvelekis, Ioannis"]
[Black "Panagiotakos, Nikolaos"]
[Result "1/2-1/2"]
[WhiteElo "1939"]
[BlackElo "2111"]
[PlyCount "49"]
[EventDate "2016.07.12"]
[EventType "swiss"]
[EventRounds "9"]
[EventCountry "GRE"]
[SourceTitle "CBM 173 Extra"]
[Source "ChessBase"]
[SourceDate "2016.08.29"]
[SourceVersion "1"]
[SourceVersionDate "2016.08.29"]
[SourceQuality "1"]

1. d4 Nf6 2. c4 e6 3. Nf3 Bb4+ 4. Nbd2 b6 5. g3 Bb7 6. Bg2 0-0 7. 0-0 d5 8. Ne5 Nbd7 9. Ndf3 Be7 10. Qc2 c5 11. dxc5 Nxc5 12. cxd5 Bxd5 13. Bg5 Rc8 14. Rac1 h6 15. Be3 Bd6 16. Rfd1 Qc7 17. Nd3 Be4 18. Nfe1 Bxg2 19. Nxg2 Qb7 20. Nxc5 Bxc5 21. Bxc5 Rxc5 22. Qd3 Rd5 23. Qc2 Rc5 24. Qd3 Rd5 25. Qc2 1/2-1/2

[Event "Anogia op 5th"]
[Site "Anogia"]
[Date "2016.07.13"]
[Round "3"]
[White "Panagiotakos, Nikolaos"]
[Black "Iasman, Inna"]
[Result "1-0"]
[WhiteElo "2111"]
[BlackElo "1757"]
[PlyCount "41"]
[EventDate "2016.07.12"]
[EventType "swiss"]
[EventRounds "9"]
[EventCountry "GRE"]
[SourceTitle "CBM 173 Extra"]
[Source "ChessBase"]
[SourceDate "2016.08.29"]
[SourceVersion "1"]
[SourceVersionDate "2016.08.29"]
[SourceQuality "1"]

1. e4 c6 2. d4 d5 3. Nc3 dxe4 4. Nxe4 Bf5 5. Ng3 Bg6 6. Nf3 Nd7 7. Bd3 Bxd3 8. Qxd3 e6 9. 0-0 Ngf6 10. c4 Bd6 11. Re1 0-0 12. b3 Bb4 13. Rd1 a5 14. Bb2 Qc7 15. c5 Rad8 16. a3 Nxc5 17. Qc2 Nxb3 18. Qxb3 Be7 19. Rac1 Rd5 20. Nf1 Rb5 21. Qxb5 1-0